000 00654nam a2200205 a 4500
003 BD-DhJNU
005 20250513052515.0
008 250401s1956 ii a b 001 0 eng
020 _a710033508
040 _aBD-DhJNU
_bENG
_cBD-DhJNU
_dBD-DhJNU
082 0 0 _a306.85 PAF
_223
100 1 _aParsons, Talcott
245 1 0 _aFamily :
_bsocialization and interaction process /
_cTalcott Parsons and Robert Freed Bales
260 _aLondon :
_bRoutledge & Paul,
_c1956.
300 _axvii, 422 p. :
_bill. ;
_c23 cm.
504 _aIncludes bibliographical references and index.
650 0 _aFamille Sociologie
700 1 _aBales, Robert Freed
942 _cBK
999 _c1686
_d1686